Pencukaian : kertas kajian projek

Bibliographic Details
Corporate Author: INSPEN
Format: Book
Subjects:
Online Access:http://app.inspen.gov.my:7779/pls/portal/docs/PAGE/CORPORATEPAGES/PORTAL_INSPEN/LAPORAN_PENYELIDIKAN_DI_PERPUSTAKAAN/GQ.PDF

MARC

LEADER 00000cam a2200000 7i4500
001 0000007325
005 20070905.0
040 |a INS 
090 0 0 |a RESEARCH 6 
245 0 0 |a Pencukaian :   |b kertas kajian projek 
300 |c 30cm. 
500 |a Digital document is available on-line; Please click the URL below 
650 0 0 |a Property taxation 
650 0 0 |a Property taxation   |z Malaysia 
710 2 |a INSPEN 
856 |u http://app.inspen.gov.my:7779/pls/portal/docs/PAGE/CORPORATEPAGES/PORTAL_INSPEN/LAPORAN_PENYELIDIKAN_DI_PERPUSTAKAAN/GQ.PDF 
999 |a RES0000006   |b BOOK   |c Research By JPPH Staff   |e Default branch 
999 |a RES0000412   |b BOOK   |c Research By JPPH Staff   |e Default branch